Výstavba verejnej správy

Technicko-organizačné princípy vo verejnej správe a ich aplikácia. Rozdelenie technicko-organizačných princípov verejnej správy: a/ územný, odvetvový a funkčný princíp, b/ kolegiálny a monokratický princíp, c/ princíp volebný a menovací, d/ princíp centralizácie, decentralizácie, dekoncentrácie a ko...

Full description

Saved in:
Bibliographic Details
Main Author: Škultéty, P.
Format: Book Chapter
Language:Slovak
Subjects:
Tags: Add Tag
No Tags, Be the first to tag this record!

MARC

LEADER 00000naa a2200000 4500
001 r018004
005 20221213101433.6
041 0 |a slo 
044 |a SK 
245 1 0 |a Výstavba verejnej správy  |c P. Škultéty 
520 |a Technicko-organizačné princípy vo verejnej správe a ich aplikácia. Rozdelenie technicko-organizačných princípov verejnej správy: a/ územný, odvetvový a funkčný princíp, b/ kolegiálny a monokratický princíp, c/ princíp volebný a menovací, d/ princíp centralizácie, decentralizácie, dekoncentrácie a koncentrácie. Popis jednotlivých princípov. 
610 2 0 |a správa verejná 
610 2 0 |a reorganizácia 
610 2 0 |a štruktúra organizačná 
610 2 0 |a správa štátna 
610 2 0 |a orgány štátne 
100 1 |a Škultéty, P.